• 首页
  • 本馆介绍
  • 公告通知
  • 最新文献
  • 馆藏检索
  • 电子资源
  • 读者导购
  • 参考咨询
  • 我的图书馆
  • 登录
  • 详细信息显示
  • 放入我的书架
  • 预约/预借图书
  • 作者相关作品
  • 分类相关作品
  • 丛书相关作品
  • 出版社相关作品

书目信息

  • 表格格式
  • 工作单格式
  • 卡片格式
题名:
现代哈萨克语实用语法
    
 
作者: 张定京 编著
分册:  
出版信息: 北京   中央民族大学出版社  2004
页数: 747页
开本: 23cm
丛书名:
单 册:
中图分类: H236.4
科图分类:
主题词: 哈萨克语(中国少数民族语言)--语法--高等学校--教材
电子资源:
ISBN: 7-81056-832-9
000 01229nam0 2200313 450
000 01192nam0 2200301 450
000 01162nam0 2200301 450
000 01108nam0 2200277 450
000 01104nam0 2200265 450
000 01067nam0 2200253 45
001 TS2006028142
005 20061209170506.32
010    @a7-81056-832-9@dCNY68.00
100    @a20060829d2004 ekmy0chiy0121 ea
101 0  @achi
102    @aCN@b110000
105    @ay z 000yy
200 1  @a现代哈萨克语实用语法@AXian Dai Ha Sa Ke Yu Shi Yong Yu Fa@f张定京编著@FZhang Ding Jing Bian Zhu
210    @a北京@c中央民族大学出版社@d2004
215    @a747页@d23cm
300    @a北京市高等教育精品教材立项项目
330    @a本书共分4编17章。第1编绪论,论述了语法概述和词的构造与词类。第2编实词,基本相当于传统词法内容。第3篇虚词,形成一个完整的语法手段。第4编重叠和语序,提出传统语法中缺失而建立完整语法系统又不可缺少的语法手段。
606    @a哈萨克语(中国少数民族语言)@x语法@x高等学校@x教材
690    @aH236.4@v4
701  0 @a张定京@AZhang Ding Jing@4编著
801  0 @aCN@b中图数据@c20061209
905    @a10447@dH236.4@e13
    
    现代哈萨克语实用语法/张定京编著.-北京:中央民族大学出版社,2004
    747页;23cm
    北京市高等教育精品教材立项项目
    
    ISBN 7-81056-832-9:CNY68.00
    本书共分4编17章。第1编绪论,论述了语法概述和词的构造与词类。第2编实词,基本相当于传统词法内容。第3篇虚词,形成一个完整的语法手段。第4编重叠和语序,提出传统语法中缺失而建立完整语法系统又不可缺少的语法手段。
●
相关链接 在E读中查询图书 在五车中查询图书 在当当中查询图书 在豆瓣中查询图书


正题名:现代哈萨克语实用语法     索取号:H236.4/13         预约/预借

序号 登录号 条形码 馆藏地/架位号 状态 备注
1 0606636   206066362   第二样本阅览室/ [索取号:H236.4/13] 在馆    
2 0606637   206066371   第四借阅区/ [索取号:H236.4/13] 在馆    
3 0606638   206066380   第四借阅区/ [索取号:H236.4/13] 在馆    
唐山师范学院图书馆 欢迎您!
大连网信软件有限公司© 版权所有